|
|
|
|
| LEADER |
00674ngm a2200205 i 4500 |
| 001 |
eta5742 |
| 005 |
20220520135711.0 |
| 008 |
220520s2022 hu o 0|| eng d |
| 040 |
|
|
|a SZTE Elektronikus Tananyag Archívum
|b hun
|
| 041 |
|
|
|a eng
|
| 100 |
1 |
|
|a Nógrádi Antal
|
| 245 |
1 |
0 |
|a Endocrine system 2.
|h [elektronikus dokumentum] /
|c Nógrádi Antal
|
| 260 |
|
|
|c 2022-05-16
|
| 516 |
|
|
|a Video
|
| 650 |
|
4 |
|a Orvos- és egészségtudomány
|
| 650 |
|
4 |
|a Általános orvostudomány
|
| 650 |
|
4 |
|a Anatómia és morfológia
|
| 650 |
|
4 |
|a Humán anatómia
|
| 695 |
|
|
|a endokrinológia
|
| 856 |
4 |
0 |
|u https://eta.bibl.u-szeged.hu/5742/1/214_eng_-_endocrine_system_2.mp4
|z Dokumentum-elérés
|